Đột quỵ cách phòng ngừa và điều trị

保存先:
書誌詳細
第一著者: Lê, Văn Tri
フォーマット: 図書
言語:Undetermined
出版事項: Hà Nội Y Học 2004
主題:
タグ: タグ追加
タグなし, このレコードへの初めてのタグを付けませんか!
Thư viện lưu trữ: Trung tâm Học liệu Trường Đại học Cần Thơ
LEADER 00523nam a2200193Ia 4500
001 CTU_74138
008 210402s9999 xx 000 0 und d
020 |b 18000 
082 |a 616.12 
082 |b Tr300 
100 |a Lê, Văn Tri 
245 0 |a Đột quỵ cách phòng ngừa và điều trị 
245 0 |c Lê Văn Tri 
260 |a Hà Nội 
260 |b Y Học 
260 |c 2004 
650 |a Cardiology 
904 |i Mai Loan, Qhieu 
980 |a Trung tâm Học liệu Trường Đại học Cần Thơ